000 00888nam a2200253 a 4500
001 13006
003 BD-JhCC
005 20230613083118.0
008 230613s20212014bg |||| ||a| 000 0 ben d
020 _a9847012003213
035 _a(BD-JhCC)13006
040 _aBD-JhCC
_dBD-JhCC
041 _aben
082 _a920
_bAHA 2021
100 _aআহমেদ, ড. খন্দকার শামীম
245 _aমীর মশাররফ হোসেন /
_c ড. খন্দকার শামীম আহমেদ
260 _aঢাকা :
_bকথা প্রকাশ,
_c২০২১
300 _a৯৬পৃ. :
_c২২ সেমি.
490 _aজীবনী গ্রন্থমালা
504 _aগ্রন্থপঞ্জি অন্তভূর্ক্ত।
600 _aHossen, Mir Mosarrof
650 _aBiography
942 _2ddc
_cBK
999 _c13006
_d13006